| 000 | 00965nam a22002657a 4500 | ||
|---|---|---|---|
| 005 | 20121221142653.0 | ||
| 008 | 121221t xxu||||| |||| 00| 0 eng d | ||
| 010 | _aENG-106476 | ||
| 020 |
_a9788178359632 _c950.00 |
||
| 035 | _aEN-90009 | ||
| 037 | _bDBAD/PUB | ||
| 040 |
_aDPL _bENG |
||
| 082 | _a355.0310954095491 | ||
| 100 | _954518 | ||
| 245 |
_aPerspectives on nuclear strategy of India and Pakistan / _cedited by Mohammed Badrul Alam |
||
| 260 |
_aDelhi _bKalpaz Publications _c2013 |
||
| 270 |
_aC-30, Satyawati Nagar _bDelhi _e110052 _k9212729499 _mkalpaz@hotmail.com |
||
| 300 |
_a319p. _c23cm(Hb) |
||
| 500 | _aIncludes index | ||
| 650 | _925408 | ||
| 700 |
_925409 _aMohammed Badrul Alam |
||
| 700 | _925410 | ||
| 942 |
_2ddc _cEN _mPER _h355.0310954095491 |
||
| 999 |
_c72411 _d72411 |
||